Empresa de servicios públicos tipología de un nuevo modelo societario (Registro nro. 92145)

Detalles MARC
000 -ENCABEZADO
Número de control [NR] 00751nam a22002057a 4500
008 - DE LONGITUD FIJA DE DATOS DE ELEMENTOS - INFORMACIÓN GENERAL
Elementos de longitud fija [NR] 130821s2004 ck gr spa
020 ## - NUMERO INTERNACIONAL NORMALIZADO PARA LIBROS [R]
Número Internacional Normalizado del libro [NR] 9588192625
040 ## - FUENTE DE CATALOGACION [NR]
Agencia de catalogación original [NR] Co-BoUCM
Idioma de catalogación [NR] spa
041 00 - CODIGO DE IDIOMA [R]
Código de idioma para texto/pista de sonido o título separado [R] Español
100 1# - ASIENTO PRINCIPAL--NOMBRE PERSONAL [NR]
Nombre personal [NR] Wilches Donado, Oscar
ID Autoridad 171838
245 10 - MENCION DE TITULO [NR]
Título [NR] Empresa de servicios públicos tipología de un nuevo modelo societario
Mención de responsabilidad, etc. [NR] Oscar Wilches Donado
260 ## - PUBLICACION, DISTRIBUCION, ETC. (PIE DE IMPRENTA) [R]
Lugar de publicación, distribución, etc. [R] Bogotá (Colombia)
Nombre del editor, distribuidor, etc. [R] Ediciones Jurídicas Gustavo Ibáñez
Fecha de publicación, distribución, etc. [R] 2004
300 ## - DESCRIPCION FISICA [R]
Extensión [R] 132 páginas
504 ## - NOTA DE BIBLIOGRAFIA, ETC. [R]
Nota de bibliografía, etc. [NR]
650 04 - ASIENTO SECUNDARIO DE MATERIA - TERMINO TEMATICO [R]
Término temático o nombre geográfico como elemento de entrada [NR] Empresa y sociedad
9 (RLIN) 14105
650 04 - ASIENTO SECUNDARIO DE MATERIA - TERMINO TEMATICO [R]
Término temático o nombre geográfico como elemento de entrada [NR] Empresas de servicios públicos
9 (RLIN) 14121
650 04 - ASIENTO SECUNDARIO DE MATERIA - TERMINO TEMATICO [R]
Término temático o nombre geográfico como elemento de entrada [NR] Servicios públicos
Subdivisión general [R] Legislación
Subdivisión geográfica [R] Colombia
9 (RLIN) 47915
942 ## - ELEMENTOS DE ENTRADA AGREGADOS (KOHA)
Tipo de ítem principal el descrito en 300a Libro
Tema principal Derecho
Edición 1
Parte restante de la signatura top. W667e
Sistema de clasificación DEWEY
Clasificación 343.09
Existencias
Fecha de último préstamo Total préstamos Signatura topográfica Código de barras Última vez visto Ejemplar Price effective from Tipo de ítem Perdido Sistema de clasificación Dañado No prestable Tipo de ítem específico Suprimido Ubicación habitual Ubicación actual Localización Fecha de creación Forma de adquisición Costo
02/02/2024 25 343.09 W667e 100069444 05/12/2025 Ej.1 03/02/2013 Libro   DEWEY     Libro   Claustro Claustro 3er piso 28/02/2004 Compra 15300.00